World: Continents and Oceans - Statistics

General Stats
  • This quiz has been taken 23 times
  • The average score is 2 of 12
Answer Stats
Size in km² Continent or Ocean % Correct
30.37 mil Africa
89%
44.58 mil Asia
28%
13.66 mil Antarctica
22%
106.5 mil Atlantic Ocean
22%
165.2 mil Pacific Ocean
22%
14.06 mil Arctic Ocean
17%
24.71 mil North America
11%
17.84 mil South America
11%
8.526 mil Australia
6%
10.53 mil Europe
6%
70.56 mil Indian Ocean
6%
20.33 mil Southern Ocean
6%
No matching quizzes found
Score Distribution
Percent of People with Each Score
Percentile by Number Answered
Your Score History
You have not taken this quiz